00818cam a22002773a 45000010005000000030006000050050017000110080041000280400015000690420007000840500007000911000027000982450052001252600029001775060030002065160020002366530036002566530021002926530025003136530027003386530022003656530051003876530033004388300028004718560041004991296PGUSA20140828082959.0980401s1998||||xxu|||||s|||||000 1 eng d aPGUSAbeng adc 4aPR1 aGalt, John,d1779-183914aThe Provosth[electronic resource] /cJohn Galt bProject Gutenberg,c1998 aPublic domain in the USA. aElectronic text aMunicipal government -- Fiction aHumorous stories aMerchants -- Fiction aPoliticians -- Fiction aPolitical fiction aScotland -- Social life and customs -- Fiction aIrvine (Scotland) -- Fiction 0aProject Gutenbergv129640uhttp://www.gutenberg.org/ebooks/1296